Science Quiz

Random Science Quiz

(number of digits) x 999..... Quiz Stats

 Plays Quiz not verified by Sporcle

Support Sporcle.
Go Orange.
Score 0/30 Timer 10:00
0 Plays Today
Hint Answer % Correct
54623 x 999995462245377
100%
873 x 999872127
100%
5456 x 999954554544
85.7%
2358 x 999923577642
85.7%
23 x 992277
85.7%
456 x 999455544
85.7%
56 x 995544
85.7%
987456 x 999999987455012544
85.7%
34976 x 999993497565024
85.7%
4389 x 999943885611
85.7%
6479 x 999964783521
85.7%
456654 x 999999456653543346
57.1%
789123 x 999999789122210877
57.1%
3214565 x 999999932145646785435
57.1%
284 x 999283716
57.1%
Hint Answer % Correct
2245 x 999922447755
57.1%
33474 x 999993347366526
57.1%
58731 x 999995873041269
57.1%
497613465978 x 999999999999497613465977502386534022
57.1%
46798 x 999994679753202
57.1%
49762 x 999994976150238
57.1%
42 x 994158
57.1%
53 x 995247
57.1%
72 x 997128
57.1%
78 x 997722
57.1%
798 x 999797202
57.1%
348 x 999347652
57.1%
467 x 999466533
57.1%
28467 x 99999284671536
14.3%
3465916 x 999999934659156534074
14.3%

You're not logged in!

Compare scores with friends on all Sporcle quizzes.
OR
Log In

From the Vault

According to Netflix: Kids' TV

by jencon117

The Netflix copywriters strike again!
Remove Ads.
Support Sporcle.
Get the best of Sporcle when you Go Orange. This ad-free experience offers more features, more stats, and more fun while also helping to support Sporcle. Thank you for becoming a member.

Show Comments

Extras

Created Oct 16, 2013ReportNominate
Tags:999, digit

Top Quizzes Today


Score Distribution

Your Account Isn't Verified!

In order to create a playlist on Sporcle, you need to verify the email address you used during registration. Go to your Sporcle Settings to finish the process.

Report this User

Report this user for behavior that violates our Community Guidelines.

Details: